000 00573nam a2200193Ia 4500
008 191130s2002##################000#0#eng##
020 _a9781920989248
040 _aACL
_cACL
082 _a641.59447 ALE
100 _aAlexander, Stephanie
245 _aCooking and travelling in south west France
_cStephanie Alexander
260 _aAustralia
_bLantern
_c2002
300 _a392 p. : ill. ; 24 cm
500 _aIncludes bibliographical references and index
650 _aCookery
990 _aa9bb09c9ac10000c4390d5878861b0cf
991 _a433084
999 _c139034
_d139034